Ładuje się......

Harward Law Review,1904-1905,vol.18

Opis bibliograficzny
Wydane: Cambridge Harward Law Review Publishing Association 1905
LEADER 00336nam a22000977a 4500
074 |a 1440 
245 |a Harward Law Review,1904-1905,vol.18 
260 |a Cambridge  |b Harward Law Review Publishing Association  |c 1905 
300 |a xviii,636p. 
999 |c 2863  |d 2863 
952 |0 0  |1 0  |4 0  |7 0  |9 3873  |a NUALS  |b NUALS  |d 2009-12-14  |l 0  |p 1440  |r 2013-04-11  |t 1  |w 2013-04-11  |y B C SERIAL